Conducting Case Study Research for Business and Management Students (Record no. 43457)

MARC details
000 -LEADER
fixed length control field 00921nam a22003015i 4500
001 - CONTROL NUMBER
control field 19376981
005 - DATE AND TIME OF LATEST TRANSACTION
control field 20250328110144.0
008 - FIXED-LENGTH DATA ELEMENTS--GENERAL INFORMATION
fixed length control field 161117s2017 cau 000 0 eng
010 ## - LIBRARY OF CONGRESS CONTROL NUMBER
LC control number 2016959993
020 ## - INTERNATIONAL STANDARD BOOK NUMBER
International Standard Book Number 9781446274170
042 ## - AUTHENTICATION CODE
Authentication code pcc
082 ## - DEWEY DECIMAL CLASSIFICATION NUMBER
Classification number 650.0723 LEE
100 1# - MAIN ENTRY--PERSONAL NAME
Author Lee, Bill
245 10 - TITLE STATEMENT
Title Conducting Case Study Research for Business and Management Students
250 ## - EDITION STATEMENT
Edition statement 1st edition.
260 ## - PUBLICATION, DISTRIBUTION, ETC.
Place London
Publisher Sage Publication
Publication Year 2017
300 ## - PHYSICAL DESCRIPTION
Extent 122;. pages: 24 cm
650 ## - SUBJECT ADDED ENTRY--TOPICAL TERM
Subject Business Research Methodology; Methodology; Interviewing; Qualitative Research
700 ## - ADDED ENTRY--PERSONAL NAME
Co-Author Saunders, Mark N. K.
942 ## - ADDED ENTRY ELEMENTS (KOHA)
Koha item type Books
263 ## - PROJECTED PUBLICATION DATE
Projected publication date 1709
264 #1 - PRODUCTION, PUBLICATION, DISTRIBUTION, MANUFACTURE, AND COPYRIGHT NOTICE
Place of production, publication, distribution, manufacture Thousand Oaks, CA :
Name of producer, publisher, distributor, manufacturer SAGE Pub.,
Date of production, publication, distribution, manufacture, or copyright notice 2017.
336 ## - CONTENT TYPE
Content type term text
Content type code txt
Source rdacontent
337 ## - MEDIA TYPE
Media type term unmediated
Media type code n
Source rdamedia
338 ## - CARRIER TYPE
Carrier type term volume
Carrier type code nc
Source rdacarrier
906 ## - LOCAL DATA ELEMENT F, LDF (RLIN)
a 0
b ibc
c orignew
d 2
e epcn
f 20
g y-gencatlg
Holdings
Withdrawn status Lost status Source of classification or shelving scheme Damaged status Not for loan Home library Current library Shelving location Accession Date Vendor Price Bill number Total Checkouts Full call number Barcode No Date last seen Discount Bill Date Koha item type Suggested By
    Dewey Decimal Classification     IMTN IMTN Rack 18-B 03/24/2025 Raghav Books Private Limited 3449.19 2374   650.0723 LEE 33748 03/28/2025 33 02/14/2025 Books Dr. Veena Pailwar
Designed & Maintained by: LRC IMT Nagpur Contact: lrc@imtnag.ac.in© 2024. All Rights Reserved.